| 000 | 00729cam a22002653a 4500 | ||
|---|---|---|---|
| 001 | 24682 | ||
| 003 | PGUSA | ||
| 005 | 20140828083530.0 | ||
| 008 | 080224s2008||||xxu|||||s|||||000 | eng d | ||
| 040 |
_aPGUSA _beng |
||
| 042 | _adc | ||
| 050 | 4 | _aTT | |
| 050 | 4 | _aNK | |
| 100 | 1 |
_aWebster, Marie D. _q(Marie Daugherty), _d1859-1956 |
|
| 245 | 1 | 0 |
_aQuilts : _bTheir Story and How to Make Them _h[electronic resource] / _cMarie D. Webster |
| 260 |
_bProject Gutenberg, _c2008 |
||
| 506 | _aPublic domain in the USA. | ||
| 516 | _aElectronic text | ||
| 653 | _aCoverlets | ||
| 653 | _aQuilts | ||
| 653 | _aQuilting | ||
| 830 | 0 |
_aProject Gutenberg _v24682 |
|
| 856 | 4 | 0 | _uhttp://www.gutenberg.org/ebooks/24682 |
| 942 | _cEB | ||
| 999 |
_c253937 _d253937 |
||